[Event "Pinamar Masters 1st"]
[Site "Pinamar"]
[Date "2001.03.10"]
[Round "3"]
[White "Szmetan, Jorge"]
[Black "Ricardi, Pablo"]
[Result "1/2-1/2"]
[WhiteElo "2394"]
[BlackElo "2554"]
[Annotator "Lutz,C"]
[PlyCount "196"]
[EventDate "2001.03.08"]
[EventType "tourn"]
[EventRounds "11"]
[EventCountry "ARG"]
[EventCategory "8"]
[SourceTitle "CBM 082"]
[Source "ChessBase"]
[SourceDate "2001.05.17"]
[SourceVersion "1"]
[SourceVersionDate "2001.05.17"]
[SourceQuality "1"]

1. Nf3 Nf6 2. c4 e6 3. d4 d5 4. Nc3 c6 5. e3 Nbd7 6. Bd3 Bd6 7. O-O O-O 8. e4
dxc4 $5 {Dieses System (gegenüber der Hauptvariante 8...dxe4) wurde zuletzt
von Anand wieder in die Praxis eingeführt.} 9. Bxc4 e5 10. Re1 $6 {Dieser Zug
wird wohl kaum die Widerlegung des schwarzen Aufbaus sein.} (10. Be3 Qe7 11.
Bb3 exd4 12. Bxd4 Ne5 13. Nxe5 Bxe5 14. Bxe5 Qxe5 15. f4 Qc5+ 16. Kh1 Be6 17.
Bxe6 fxe6 18. Qb3 Rae8 19. e5 Ng4 $5 $132 {1/2-1/2 Ivanchuk,V-Shirov,A/
Montecatini Terme 2000/CBM 79/[Lutz] (42)}) (10. Bg5 Qe7 11. Re1 Rd8 12. Qb3 $5
exd4 13. e5 Nxe5 14. Ne4 $5 b5 $1 15. Nxd6 Nxf3+ 16. Qxf3 Qxd6 17. Bxb5 Bd7 18.
Bd3 Re8 19. h3 Nd5 $17 {0-1 Lautier,J-Anand,V/Monaco 2000/CBM 75/[Lutz] (72)})
10... exd4 11. Qxd4 $6 (11. Nxd4 Qc7 12. h3 Rd8 {sieht gut aus für Schwarz,
aber nach dem Texzug gerät Weiß schnell in die Bredouille.}) 11... Bc5 12. Qd1
Ng4 {Jetzt zeigt sich der Nachteil von 10.Re1: der Pf2 ist schwach.} 13. Re2
Nde5 14. Qxd8 Rxd8 15. Bb3 (15. Nxe5 Nxe5 16. Bb3 Bg4 17. Re1 Nd3 18. h3 Bh5
19. Rf1 Rd7 {ist auch nicht angenehm.}) 15... Nxf2 $1 16. Na4 (16. Rxf2 Ng4 17.
Nd1 Rxd1+ $19) 16... Nfd3+ 17. Nxc5 Nxf3+ 18. gxf3 Nxc5 $17 {Somit hat Schwarz
einen glatten Bauern mehr. Dass er in der Folge diesen nicht verwerten konnte,
steht auf einem anderen Blatt.} 19. Be3 Nxb3 20. axb3 Be6 21. b4 Rd3 22. Kf2
Rb3 23. Rxa7 Rxa7 24. Bxa7 Rxb4 25. Rd2 h6 26. Bc5 Rb3 27. Bd4 Kh7 28. h4 b6
29. Bc3 c5 30. Rd6 b5 31. Rd2 b4 32. Be5 f6 33. Bf4 c4 34. Rc2 g5 35. hxg5 hxg5
36. Bc1 Kg6 37. Re2 c3 38. Rc2 f5 39. bxc3 fxe4 40. fxe4 bxc3 41. Ke3 Bd7 42.
Kd4 Rb4+ 43. Kd5 Bc8 44. Rxc3 Bb7+ 45. Kd6 Rd4+ 46. Kc5 Rxe4 47. Re3 Rh4 48.
Re5 g4 49. Bf4 Bc8 50. Kd4 Bf5 51. Re3 Rh1 52. Ke5 Rb1 53. Bg3 Rb5+ 54. Kd4 Kg5
55. Ra3 Rb1 56. Rc3 Rg1 57. Re3 Rb1 58. Rc3 Rb2 59. Re3 Rb7 60. Ra3 Re7 61. Re3
Rd7+ 62. Kc3 Rd1 63. Kc4 Rd7 64. Kc3 Bg6 65. Re5+ Kf6 66. Re3 Bb1 67. Kb2 Bd3
68. Kc3 Bf1 69. Bh4+ Kf5 70. Bg3 Rd5 71. Kc2 Bg2 72. Kc3 Be4 73. Kc4 Rd1 74.
Ra3 Bd5+ 75. Kc5 Ke4 76. Bb8 Rc1+ 77. Kd6 Bc4 78. Ke7 Rb1 79. Bd6 Rb7+ 80. Kf6
Rb6 81. Ke7 Bb3 82. Ra1 Rb5 83. Rg1 Kf5 84. Rf1+ Kg5 85. Bf4+ Kg6 86. Bg3 Rb7+
87. Kd6 Bc2 88. Ke5 Re7+ 89. Kd4 Re4+ 90. Kd5 Re3 91. Bf4 Rb3 92. Ke5 Rb4 93.
Bg3 Re4+ 94. Kd5 Re3 95. Rg1 Kg5 96. Kd4 Rf3 97. Ke5 Bd3 98. Kd4 Kf5 1/2-1/2

[Event "United Insurance 5th"]
[Site "Dhaka"]
[Date "2001.02.23"]
[Round "5"]
[White "Prakash, GB."]
[Black "Abdulla, Al Rakib"]
[Result "1/2-1/2"]
[WhiteElo "2453"]
[BlackElo "2359"]
[Annotator "Lutz,C"]
[PlyCount "61"]
[EventDate "2001.02.19"]
[EventType "tourn"]
[EventRounds "13"]
[EventCountry "BAN"]
[EventCategory "8"]
[SourceTitle "CBM 082"]
[Source "ChessBase"]
[SourceDate "2001.05.17"]
[SourceVersion "1"]
[SourceVersionDate "2001.05.17"]
[SourceQuality "1"]

1. d4 d5 2. c4 c6 3. Nc3 Nf6 4. e3 e6 5. Nf3 Nbd7 6. Qc2 Bd6 7. Bd3 O-O 8. O-O
e5 9. cxd5 cxd5 10. e4 exd4 (10... dxe4 11. Nxe4 Nxe4 12. Bxe4 h6 13. Be3 $14 {
führt zu einem etwas besseren Endspiel für Weiß.}) 11. Nxd5 Nxd5 12. exd5 h6
13. Nxd4 Qh4 (13... Bxh2+ 14. Kxh2 Qh4+ 15. Kg1 Qxd4 16. Be3 Qxd5 17. Bh7+ Kh8
18. Be4 $36 {Kramnik}) 14. Nf3 Qh5 15. Bh7+ (15. Qc4 Nc5 16. Bc2 g5 17. b4 Na6
18. Qd3 $16 {Orr,M-Kaidanov,G/Dublin/1991/}) 15... Kh8 16. Qf5 g5 $5 {Dies ist
eine Idee Kramniks, die zu einer ziemlich unklaren Stellung führt. Schwarz hat
eine Bauern weniger, aber die weiße Dame und der weiße Läufer können ins
Gedränge kommen. Schwarz kann auch evtl. den Ph2 attackieren.} (16... Qxf5 17.
Bxf5 Nf6 18. Bc2 Bg4 19. Bb3 Bxf3 20. gxf3 Nh5 21. Be3 Nf4 22. Rfd1 $16 {
Sokolov,I-Piket,J/It Nussloch/1996}) (16... Nf6 17. Qxh5 Nxh5 18. Bc2 Nf6 19.
Rd1 $16 {Kramnik}) 17. b3 (17. h4 $5 {1/2-1/2 Karpov,A-Kramnik,V/Las Palmas
1996/CBM 57/[Kramnik] (38)}) (17. Be3 $5 {Kramnik}) (17. Bd2 $5 {Karpov}) 17...
Kg7 18. Bb2+ f6 19. Qe6 Bf4 20. Qe4 Nc5 21. Qe7+ Rf7 22. Qxc5 Bg4 $1 $146 {
Dieser Zug ist eine bemerkenswerte Neuerung. Schwarz kümmert sich nicht um den
hängenden Bh7, sondern verstärkt seinen Angriff. Es scheint, als ob Schwarz so
das Dauerschach forcieren kann.} (22... Kxh7 $6 23. Rfe1 Bg4 24. Re7 Bxf3 25.
Rxf7+ Kg8 26. h3 Kxf7 27. Re1 Rf8 $2 (27... Kg8 $5) 28. Ba3 Ra8 29. Qc2 Rh8 30.
Re7+ {1-0 Golod,V-Fridman,D/Rishon Le Ziyyon 1997/CBM 62 ext (30)}) 23. Qc2 {
Weiß deckt den Lääufer, der wiederum das Feld g8 kontrolliert. Dass dieser
Umstand wichtig ist, zeigen ein paar Beispielvarianten:} (23. h3 Bxf3 24. Bf5
$5 (24. Bd3 $2 g4 $40) (24. Qc2 $1 {- 23.Qc2}) 24... g4 $1 25. Be6 $2 (25. Qc2
gxh3 26. Bxh3 Rg8 27. Qf5 $11) 25... gxh3 26. Bxh3 Bxg2 $1 27. Kxg2 Rg8 $19)
23... Bxf3 24. h3 g4 25. gxf3 gxh3 26. Qf5 {Es ist eine vernünftige praktische
Entscheidung, das Unentschieden zu forcieren.} ({Die einzige Möglichkeit, dem
Unentschieden auszuweichen, bestand in} 26. Rfe1 $5 Qg5+ 27. Kf1 h2 28. Ke2
Re8+ 29. Be4 Kg8 {mit der Idee ...f6-f5, und wer steht besser !?}) 26... Qxf3
27. Qg6+ Kh8 28. Bxf6+ Rxf6 29. Qxf6+ Kxh7 30. Qf7+ Kh8 31. Qf6+ 1/2-1/2

[Event "EU-chT (Men) 11th"]
[Site "Pula"]
[Date "1997.05.??"]
[Round "6.4"]
[White "Grabliauskas, Virginijus"]
[Black "Fridman, Daniel"]
[Result "1/2-1/2"]
[WhiteElo "2435"]
[BlackElo "2490"]
[Annotator "Lutz,C"]
[PlyCount "67"]
[EventDate "1997.05.05"]
[EventType "team-swiss"]
[EventRounds "9"]
[EventCountry "CRO"]
[SourceTitle "CBM 057 Extra"]
[Source "ChessBase"]
[SourceDate "1997.05.01"]
[SourceVersion "1"]
[SourceVersionDate "1997.05.01"]
[SourceQuality "1"]
[WhiteTeam "Lithuania"]
[BlackTeam "Latvia"]
[WhiteTeamCountry "LTU"]
[BlackTeamCountry "LAT"]

1. d4 d5 2. c4 c6 3. Nc3 Nf6 4. e3 e6 5. Nf3 Nbd7 6. Qc2 Bd6 7. Bd3 O-O 8. O-O
e5 9. cxd5 cxd5 10. e4 exd4 11. Nxd5 Nxd5 12. exd5 h6 13. Nxd4 Qh4 14. Nf3 Qh5
15. Bh7+ Kh8 16. Qf5 g5 $1 {Diese Idee Kramniks ist eine wichtige Verbesserung
in der Variante mit 8...e5, die die schwarzen Probleme weitgehend löst.} 17. h4
Nb6 18. Qf6+ Kxh7 19. Qxd6 Bg4 20. Nh2 Rad8 21. Qb4 Bf5 22. hxg5 Nxd5 23. Qxb7
hxg5 24. Qb3 Rh8 25. Qf3 g4 26. Qg3 Nf6 27. f3 Rd3 28. Nxg4 Bxg4 29. fxg4 Qc5+
(29... Qg6 $2 {wurde in der Stammpartie von 16... g5!, A.Karpow-W.Kramnik (Las
Palmas 1996) gespielt. Der Textzug ist ein Vorschlag von Dolmatow.}) 30. Qf2 (
30. Be3 {Dolmatov} Rxe3 31. Qf2 Nxg4 32. Qxf7+ Kh6 $19) 30... Qxf2+ 31. Rxf2 (
31. Kxf2 Re8 $44 {"mit Kompensation" gemäß Dolmatow.} 32. Kg1 Nxg4 33. Bf4 (33.
Rxf7+ Kg6 34. Rf1 Re2 {/\ ...Rg3}) 33... Re2 34. Rf3 (34. b3 Rc3) 34... Rxf3
35. gxf3 Nf2 $11) 31... Nxg4 32. Rf3 (32. Rxf7+ $2 {Dolmatov} Kg6 33. Rf1 (33.
Rf3 Rd1+ 34. Rf1 Rh1+ 35. Kxh1 Rxf1#) 33... Rd7 34. g3 Rdh7 35. Bf4 Rh1+ 36.
Kg2 R8h2+ 37. Kf3 Rxf1+ 38. Rxf1 Kf5 $19 {/\ ...Rc2, ...Nh2}) (32. Rf1 Kg6 {
/\ Rd3-d5-h5}) 32... Rd1+ 33. Rf1 Rd5 34. Bf4 (34. Bf4 Kg6 35. Rf3 Rdh5 36. Rh3
Rxh3 37. gxh3 Rxh3 $11) 1/2-1/2

[Event "GER-ch 73th"]
[Site "Altenkirchen"]
[Date "2001.12.01"]
[Round "2"]
[White "Jussupow, Artur"]
[Black "Kleeschaetzky, Rainer"]
[Result "1-0"]
[WhiteElo "2633"]
[BlackElo "2318"]
[Annotator "Lutz,C"]
[PlyCount "119"]
[EventDate "2001.11.30"]
[EventType "swiss"]
[EventRounds "9"]
[EventCountry "GER"]
[SourceTitle "CBM 087"]
[Source "ChessBase"]
[SourceDate "2002.03.21"]
[SourceVersion "1"]
[SourceVersionDate "2002.03.21"]
[SourceQuality "1"]

1. d4 d5 2. c4 c6 3. e3 Nf6 4. Nf3 e6 5. Nbd2 Nbd7 6. Bd3 Be7 7. O-O O-O 8. e4
(8. b3 $14 {sollte zu einem leichten weißen Vorteil führen. Schwarz wird sich
mit...b7-b6, ...Bb7 und später ...Bd6, ...Qe7 aufbauen.}) 8... dxe4 9. Nxe4
Nxe4 10. Bxe4 c5 {Die Stellung ähnelt stark der Caro-Kann-Variante mit 4...Nd7
oder Französich mit 3.Nc3 dxe4 4.Nxe4 Nd7. Es ist überraschend schwierig für
Weiß hier einen Vorteil nachzuweisen.} 11. Bc2 cxd4 12. Nxd4 (12. Qxd4 Qa5 13.
Bf4 Rd8 14. a3 Nf6 15. Qe3 Qc5 16. Qxc5 Bxc5 17. b4 Be7 18. Ne5 a5 19. Rab1
axb4 20. axb4 Ra2 21. Bb3 Ra8 22. c5 Rd4 23. Be3 Rxb4 24. Bxe6 Re4 25. Bxc8
Rxc8 26. Nf3 {1/2-1/2 Rechlis,G-Radulov,I/Berlin West 1988/TD (26)}) 12... a6
13. Qe2 (13. Qd3 g6 14. Bh6 Re8 15. Rad1 Qc7 16. Rfe1 Bf6 17. Ba4 Re7 18. Nf3
Bg7 19. Bxg7 Kxg7 20. Qd4+ f6 21. Bc2 Nf8 22. Qd6 e5 23. Be4 Be6 24. b3 Rc8 {
1/2-1/2 Serper,G-Sebih,K/Moscow 1994/CBM 44 ext (24)}) 13... Bf6 14. Rd1 Qc7
15. b3 g6 16. Bh6 Re8 17. Be4 (17. Rac1 b6) 17... Bg7 18. Bxg7 Kxg7 19. Nf3 Nf6
20. Bc2 e5 21. h3 Nh5 $2 {Damit begibt sich Schwarz auf Abwege.} (21... Bd7 {
nebst ...Bc6 sollte zufriedenstellend sein für Schwarz.}) 22. Qe3 f6 $2 {
Auch diese Schwächung ist nicht sinnvoll.} 23. c5 $16 {Nun hat Weiß deutlichn
Vorteil, da er nach d6 eindringt.} Bd7 24. Be4 Re7 25. Rd6 Rae8 26. Rad1 {
Im Vergleich zur weißen Verdopplung auf der d-Linie erscheint die Aufstellung
der schwarzen Türme nicht besonders sinnvoll.} Bc8 27. b4 Nf4 28. a3 Ne6 29.
Bd5 Nf4 30. Bb3 Bf5 31. Nd2 {Auf dem Weg nach d6!} Rd7 32. Nc4 Rxd6 33. Nxd6
Rd8 34. h4 $6 {Bereitet den Rauswurf mit g2-g3 vor und will mit h4-h5 den
schwarzen König anknabbern. Eigentlich ein "schöner", systematischer Zug, aber
es gab etwas Besseres.} (34. Kh2 $3 {führt überraschenderweise schon zum
entscheidenden Vorteil. Es droht g2-g3 nebst Nf7!, es gibt keine befriedigende
Verteidigung für Schwarz.} Be6 (34... Bc8 35. g3 Nxh3 (35... Ne6 36. f4) 36.
Nf7 Rxd1 37. Qh6+ Kg8 38. Ng5+ $18) (34... Qe7 35. g3 Ne6 36. g4) (34... h5 35.
g3 Ne6 36. f4 $18) 35. g3 Bxb3 36. Qxb3 Ne2 37. Qe6 $1 $18 {/\ Ne8}) 34... Be6
35. Bxe6 (35. g3 Bxb3 36. Qxb3 Ne2+ {/\ ...Nd4}) 35... Nxe6 36. h5 Ng5 37. h6+
$1 {Dieser Bauer wird sich noch als Sargnagel für den schwarzen König erweisen.
} Kf8 (37... Kxh6 38. Nf7+ Qxf7 39. Rxd8 $18) 38. f4 Nf7 39. fxe5 Qe7 40. Re1
$5 (40. Rf1 $5 Nxd6 41. cxd6 Rxd6 42. Qf4 Re6 43. exf6 Qd6) 40... Nxe5 41. Kh1
b6 42. Qb3 bxc5 43. bxc5 Qc7 44. Qe6 Qe7 45. Qd5 {Weiß steht natürlich
überlegen, aber es ist noch nicht so einfach, den entscheidenden KO-Schlag
anzusetzen.} g5 $6 {Es ist verständlich, dass Schwarz auch gerne etwas
unternehmen möchte, aber der Textzug schwächt das Feld f5 und die Diagonale
b1-h7.} (45... Rb8 $142) 46. Qe4 Kg8 47. Qd5+ Kf8 48. Qb3 g4 49. Qc2 Kg8 50.
Qf5 Qf8 51. Qh5 Rb8 52. Rxe5 $1 Rb1+ 53. Kh2 fxe5 54. Qg5+ Kh8 55. Qxe5+ {
Ganz professionell holt Weiß erst den Pe5 ab, aber es ging schon schneller:} (
55. Nf7+ $1 Qxf7 56. Qd8+ Qg8 57. Qf6+ $18) 55... Kg8 56. Qg5+ Kh8 57. Nf7+ $1
Qxf7 58. Qd8+ Qg8 59. Qf6+ Qg7 60. Qxg7# 1-0

[Event "Linares 21st"]
[Site "Linares"]
[Date "2004.02.26"]
[Round "7"]
[White "Kasparov, Garry"]
[Black "Vallejo Pons, Francisco"]
[Result "1-0"]
[WhiteElo "2831"]
[BlackElo "2663"]
[Annotator "Lutz,C"]
[PlyCount "73"]
[EventDate "2004.02.19"]
[EventType "tourn"]
[EventRounds "14"]
[EventCountry "ESP"]
[EventCategory "20"]
[SourceTitle "CBM 100"]
[Source "ChessBase"]
[SourceDate "2004.06.01"]
[SourceVersion "1"]
[SourceVersionDate "2004.06.01"]
[SourceQuality "1"]

1. d4 d5 2. c4 c6 3. Nf3 Nf6 4. Nc3 e6 5. e3 Nbd7 6. Qc2 b6 {Dieses System ist
zwar weniger populär als 8...Bd6, aber auch hier ist es nicht leicht für Weiß,
einen Vorteil nachzuweisen.} 7. Bd3 Bb7 8. O-O Be7 9. b3 Rc8 (9... dxc4 10.
bxc4 c5 11. d5 exd5 12. cxd5 Nxd5 13. Nxd5 Bxd5 14. Rd1 Qc7 15. Bb2 $44 {
0-1 Zvjaginsev,V-Dreev,A/Elista 1997/CBM 59 (45)}) (9... Qc7 10. Bb2 Rd8 11.
cxd5 exd5 12. Rac1 h6 13. a3 O-O 14. b4 Qb8 15. Rfe1 Rfe8 16. e4 dxe4 17. Nxe4
Nd5 18. Bc4 N7f6 19. Ng3 Bf8 20. Ne5 $14 {1-0 Epishin,V-Beshukov,S/Elista 2001/
CBM 83 (63)}) 10. Bb2 Qc7 {Schwarz nimmt eine Abwartestellung ein.} (10... c5 {
führt nicht zum Ausgleich:} 11. cxd5 exd5 (11... cxd4 $2 12. dxe6 $1 dxc3 13.
exd7+ Nxd7 14. Bxc3 Bb4 15. Bc4 Bxf3 16. gxf3 Bxc3 17. Qxc3 Qg5+ 18. Kh1 b5 19.
Qa5 $1 {1-0 Kramnik,V-Ivanchuk,V/Dortmund 1997/CBM 60/[Lutz] (19)}) 12. Rfd1
O-O 13. Rac1 Re8 14. Bf5 g6 15. Bh3 $14 Bf8 16. Qb1 Qe7 17. Rc2 a6 18. Na4 c4
19. Ne5 b5 {1/2-1/2 Khalifman,A-Dreev,A/Budapest 1996/CBM 56 (19)}) 11. Rad1 h6
12. e4 (12. Qe2 $5 O-O 13. Ne5 Rcd8 14. f4 Bb4 15. Rc1 Qb8 16. cxd5 cxd5 17.
Rc2 Ne4 18. Nxe4 dxe4 19. Bc4 Nxe5 20. fxe5 Rc8 21. a4 Rc7 22. Bc3 Bxc3 23.
Rxc3 Qd8 24. Rfc1 Qe7 25. Bb5 Rfc8 {1/2-1/2 Zvjaginsev,V-Kaidanov,G/Groningen
1997/CBM 63 (25)}) 12... dxe4 13. Nxe4 O-O 14. c5 {In vergleichbaren
Stellungstypen steht Weiß gewöhnlich besser, wenn er ...c6-c5 auf diese Art
verhindern kann. Schwarz ist von nun an zur Passivität gezwungen. Vielleicht
hätte Vallejo diesen Bauern irgendwann in den nächsten Zügen einmal nehmen
sollen, Weiß hat aber auf jedenfall gute Kompensation.} Nxe4 15. Bxe4 a5 {
Verhindert b3-b4.} ({Das Schlagen des Pc5 gibt Weiß sehr gute Kompensation:} 
15... bxc5 16. dxc5 Nxc5 (16... Bxc5 17. Rxd7) 17. Be5 Qb6 (17... Qa5 18. Bh7+
Kh8 19. Rd4 {/\ Rg4, /\ b4}) 18. Bd4 Qb4 19. Bh7+ Kh8 20. Bc3 Qb5 21. Ne5 $40)
16. Rfe1 Rfd8 17. Bh7+ Kh8 18. Bd3 Kg8 (18... bxc5 19. Ne5 Nxe5 20. dxe5 $44 {
gemäß Y.Dokhoian in NEW IN CHESS 3/2004}) 19. Bh7+ Kh8 20. Bd3 Kg8 21. Ba3 Qb8
22. Qc1 $1 {Gestützt auf seinen Raumvorteil geht Weiß zu Aktionen gegen den
schwarzen König über. Weiß plant die Umgruppierung Bb1, Qc2.} bxc5 23. Bb1 Qa7
24. Qc2 Nf6 25. Ne5 {Die Angriffswolken am Königsflügel verdichten sich, es
hängen die Drohungen Ng4 und Nxf7 in der Luft. Hier wirkt sich besonders aus,
das die Qa7 ab vom Schuss steht.} Rd5 (25... Kf8 26. Nxf7 $1 Kxf7 27. Qg6+ Kf8
(27... Kg8 28. Rxe6 $18) 28. Bf5 $1 Ba6 (28... exf5 29. Rxe7 Kxe7 30. Qxg7+ Ke6
31. Re1+ Ne4 32. Bxc5 $18) 29. Bxe6 Bd6 30. dxc5 Bb8 31. Bb2 {"mit
entscheidendem Angriff" (Y.Dokhoian)}) (25... Bd6 26. Nc4 (26. dxc5 Bxe5 27.
Rxe5 $14) 26... Bf8 27. dxc5 Bxc5 28. Bxc5 Qxc5 29. Nd6 Qxc2 30. Bxc2 {, und
Schwarz verliert die Qualität wegen} Rb8 $2 31. Nxb7 Rxd1 32. Rxd1 Rxb7 33.
Rd8+) 26. Ng4 Rf5 27. Nxf6+ gxf6 (27... Bxf6 28. g4 Rd5 29. Bxc5 $18) 28. h4 (
28. g4 $1 {war sogar noch stärker} Rg5 29. Qh7+ Kf8 30. Bf5 Bd6 31. Qxh6+ Rg7
32. Rxe6 fxe6 33. Bxe6 $18 {(Y.Dokhoian)}) 28... Kh8 29. Qe2 Ba6 30. Qe3 Rh5
31. Bxc5 Bxc5 32. dxc5 Qxc5 (32... Qe7 33. Qe4 f5 34. Qe5+ Kg8 35. g3 $18 {
(Y.Dokhoian)}) 33. Qf3 Kg7 34. Qg4+ Kh8 35. Rd7 Rg8 36. Qf3 Re5 37. Qxf6+ 1-0

[Event "Dortmund 7th-8th"]
[Site "Dortmund"]
[Date "2004.08.01"]
[Round "2"]
[White "Bologan, Viktor"]
[Black "Karjakin, Sergey"]
[Result "1-0"]
[WhiteElo "2663"]
[BlackElo "2591"]
[Annotator "Lutz,C"]
[PlyCount "77"]
[EventDate "2004.07.29"]
[EventType "k.o."]
[EventRounds "2"]
[EventCountry "GER"]
[SourceTitle "CBM 103"]
[Source "ChessBase"]
[SourceDate "2004.11.11"]
[SourceVersion "1"]
[SourceVersionDate "2004.11.11"]
[SourceQuality "1"]

1. d4 d5 2. c4 c6 3. Nc3 Nf6 4. e3 e6 5. Nf3 Nbd7 6. Qc2 Bd6 7. Bd3 dxc4 8.
Bxc4 O-O 9. O-O a6 10. Rd1 b5 11. Be2 Qc7 12. e4 e5 13. g3 Re8 14. a3 exd4 15.
Nxd4 Be5 16. Bf3 c5 17. Nde2 c4 {Für eine Erläuterung der vorangegangenen Züge
siehe meine Erläuterungen zur Partie Obodchuk,A-Lautier,J/Poikovsky2003 im CBM
95. Mein Eindruck ist, dass Schwarz eine gute Stellung hat, da sein Be5 aktiv
ist und seine Mehrheit am Damenflügel bereits weit vorgerückt ist.} 18. Nd5
$146 {Ein neuer Zug, der jedoch nicht den grundsätzlichen Charakter der
Stellung ändert.} (18. Nf4 Bb7 19. Ncd5 Nxd5 20. Nxd5 Bxd5 21. Rxd5 Nb6 22. Rd1
Qe7 23. Rb1 Na4 $15 {0-1 Obodchuk,A-Lautier,J/Poikovsky 2003/CBM 95/[Lutz] (41)
}) 18... Nxd5 19. exd5 {Der weiße Freibauer ist nicht so bedeutend, da Schwarz
das Blockadefeld d6 fest im Griff hat.} Bd6 20. Bf4 Ne5 (20... Nc5 21. Bxd6
Qxd6 22. Nd4 Bd7 $11 {ist völlig problemlos für Schwarz.}) 21. Bxe5 Rxe5 22.
Nd4 g6 $2 {Dieser Zug basiert wohl auf einem Rechenfehler.} (22... Bd7 23. Nc6
Bf5 24. Qc3 Ree8 {ist ebenfalls OK für Schwarz, da der Springer auf c6 nicht
so viel ausrichtet.}) 23. a4 {Nun gerät der Damenflügel ins Wanken.} Bf5 24.
Nxf5 Rxf5 25. Be4 Re5 26. axb5 Rae8 {So hat sich Karjakin das wohl gedacht:
Der Be4 muss wegziehen, dann schlägt Schwarz auf b5 zurück und hat wegen der
Besetzung der e-Linie und des besseren Läufers gutes Spiel.} 27. bxa6 $1 $18 {
Die bittere Überraschung.} Bc5 {Schwarz versucht noch im Trüben zu fischen,
aber die weißen Mehrbauern erweisen sich als zu stark.} (27... Rxe4 28. a7 {
und Schwarz verliert die Qualität.}) 28. d6 Qd7 29. Bf3 Rf5 30. Qxc4 Qa7 31. d7
Bxf2+ 32. Kg2 Rd8 33. Qe2 Bb6 34. Rd6 Kg7 35. g4 Rg5 36. Qe7 Rb5 37. Qf6+ Kh6
38. h4 Be3 39. Rh1 1-0

[Event "St Petersburg"]
[Site "St Petersburg"]
[Date "1997.04.21"]
[Round "5"]
[White "Epishin, Vladimir"]
[Black "Khalifman, Alexander"]
[Result "1/2-1/2"]
[WhiteElo "2600"]
[BlackElo "2650"]
[Annotator "Lutz,C"]
[PlyCount "78"]
[EventDate "1997.??.??"]
[EventType "tourn"]
[EventRounds "11"]
[EventCountry "RUS"]
[EventCategory "14"]
[SourceTitle "CBM 059"]
[Source "ChessBase"]
[SourceDate "1997.08.01"]
[SourceVersion "1"]
[SourceVersionDate "1997.08.01"]
[SourceQuality "1"]

1. d4 Nf6 2. c4 e6 3. Nf3 d5 4. Nc3 c6 5. e3 Nbd7 6. Qc2 Bd6 7. Bd3 O-O 8. O-O
dxc4 9. Bxc4 Qe7 10. a3 e5 11. h3 Bb8 12. Ba2 h6 13. Bd2 Re8 (13... Rd8 $5) 14.
e4 $2 {Eine fragwürdige Neuerung.} (14. Nh4 Nf8 15. Nf5 (15. dxe5 Qxe5 16. f4
Qc5 $13 {0-1 Grivas,E-Atalik,S/Karditsa 1994 (37)}) 15... Bxf5 16. Qxf5 $14 {
1-0 Shariyazdanov,A-Korneev,O/RUS-ch 1996 (37)}) 14... exd4 15. Nxd4 Qe5 $2 (
15... Qd6 $1 16. Nf3 Ne5 {(Fritz) stellt die weiße Neuerung in Frage.} 17. Nxe5
(17. Nh2 Nc4) 17... Qxe5 18. f4 Qc5+ {/\ ...Nxe4}) 16. Nf3 Qh5 17. Rae1 Ne5 18.
Nh2 {Die Drohung 19.f4 erzwingt das folgende Figurenopfer.} (18. Nxe5 $5 Bxe5
19. f4 Bd4+ 20. Be3 Bxe3+ 21. Rxe3 Qc5 22. Qf2 Be6 $132) 18... Bxh3 $1 19. gxh3
(19. f4 Bxg2 20. Kxg2 Nfg4 $40) 19... Qxh3 {/\ ...Nf3} 20. f4 (20. Re3 Nf3+ 21.
Nxf3 Qg4+ $11) 20... Nfg4 21. Bc1 Nxh2 22. Qxh2 Nf3+ 23. Rxf3 Qxf3 24. Rf1 Qg4+
25. Qg2 Qxg2+ 26. Kxg2 $13 {Das entstandene Endspiel ist sehr scharf. Kritisch
für die Stellungsbewertung ist, ob Schwarz Linien für seine Türme öffnben kann.
} Bc7 27. Be3 Rad8 28. e5 $5 (28. Kf2 $5 {, um mittels 29.Ke2 das
Einbruchsfeld d3 zu kontrollieren, ist vorsichtiger.}) 28... Rd3 29. Kf2 (29.
Bxa7 $5 b6 30. Na4 {(Fritz) sieht saublöd aus, ist aber wohl spielbar.}) 29...
Bb6 30. Bxb6 axb6 $15 {Nun hat nur noch der Weiße Probleme.} 31. Ne4 Kf8 32.
Ke2 Rh3 33. Rd1 Rh2+ 34. Nf2 g5 35. Kf3 (35. Rd7 Re7 36. Rd8+ Kg7 $5 (36... Re8
$11) 37. Kf3 gxf4 {wird weiter unten betrachtet.}) 35... gxf4 36. Rd7 Re7 37.
Rd8+ Re8 (37... Kg7 $5 {kam in Betracht :} 38. a4 $5 (38. Rb8 b5 $1 {und der
Weiße hat keinen sinnvollen Zug mehr, da der Ba2 eingeklemmt ist.}) 38... h5 (
38... Rxe5 39. Rd7 Re3+ (39... Rf5 $2 40. Rxb7) 40. Kxf4 Re2 41. Ng4 {/\ Rf7,
Ne5}) 39. Rb8 $132 {und der Ba2 hat noch das Feld c4.}) 38. Rd7 (38. Rxe8+ $2
Kxe8 $17 {ist verfehlt, da die weißen Leichtfiguren sich nicht gut um den
Damenflügel und die Freibauern am Königsflügel kümmern können.}) 38... Re7 39.
Rd8+ Re8 1/2-1/2